Best XI Playing In Big Five League Per Country - Statistics

General Stats
  • This quiz has been taken 31 times
  • The average score is 93 of 253
Answer Stats
Nationality Position Club Answer % Correct
LWG Real Madrid Kylian Mbappe
96%
RWG Barcelona Lamine Yamal
83%
CMF Real Madrid Eduardo Camavinga
78%
GK Wolverhampton Wanderers Jose Sa
78%
DMF Manchester City Rodri
78%
CB Arsenal William Saliba
78%
CB Liverpool Ibrahima Konate
74%
CB Barcelona Jules Kounde
74%
LSB Chelsea Marc Cucurella
74%
RWG Bayern Munich Michael Olise
74%
CB Tottenham Hotspur Micky van de Ven
74%
GK AC Milan Mike Maignan
74%
LWG Athletic Bilbao Nico Williams
74%
France 3-4-3 CF Paris Saint-Germain Ousmane Dembele
74%
AMF Barcelona Pedri
74%
LWG Real Madrid Vinicius Junior
74%
DMF Real Madrid Aurelian Tchouameni
70%
England 3-4-3 CF Bayern Munich Harry Kane
70%
CB Barcelona Pau Cubarsi
70%
RSB Tottenham Hotspur Pedro Porro
70%
CB Liverpool Virgil van Dijk
70%
DMF Liverpool Alexis Mac Allister
65%
LWG Manchester City Bernardo Silva
65%
AMF Manchester United Bruno Fernandes
65%
Spain 4-3-3 CF Barcelona Dani Olmo
65%
GK Arsenal David Raya
65%
CB Real Madrid Dean Huijsen
65%
DMF Arsenal Declan Rice
65%
GK Aston Villa Emiliano Martinez
65%
Norway 4-4-2 LCF Manchester City Erling Haaland
65%
DMF Barcelona Frenkie de Jong
65%
CB Arsenal Gabriel Magalhaes
65%
LWG Manchester City Jeremy Doku
65%
GK Everton Jordan Pickford
65%
CMF Real Madrid Jude Bellingham
65%
Argentina CF Inter Milan Lautaro Martinez
65%
CB Manchester United Lisandro Martinez
65%
LWG Bayern Munich Luis Diaz
65%
GK Bayern Munich Manuel Neuer
65%
CB Paris Saint-Germain Marquinhos
65%
LSB Nottingham Forest Neco Williams
65%
LSB Paris Saint-Germain Nuno Mendes
65%
RWG Barcelona Raphinha
65%
RCF Real Madrid Rodrygo
65%
CB Manchester City Ruben Dias
65%
DMF Paris Saint-Germain Vitinha
65%
LWG Manchester United Alejandro Garnacho
61%
GK Liverpool Alisson
61%
LWB Paris Saint-Germain Bradley Barcola
61%
DM Newcastle United Bruno Guimaraes
61%
Netherlands 5-2-3 CF Liverpool Cody Gakpo
61%
AMF Liverpool Florian Wirtz
61%
Germany 4-3-3 CF Arsenal Kai Havertz
61%
CMF Arsenal Martin Odegaard
61%
Portugal 4-3-3 CF AC Milan Rafael Leao
61%
GK Real Madrid Thibaut Courtois
61%
LWG RB Leipzig Xavi Simons
61%
DMF Aston Villa Amadou Onana
57%
CB Arsenal Ben White
57%
RWG AC Milan Christian Pulisic
57%
RWG Chelsea Cole Palmer
57%
RSB Inter Milan Denzel Dumfries
57%
RWG Bayern Munich Jamal Musiala
57%
RSB Bayern Munich Joshua Kimmich
57%
LSB Manchester City Josko Gvardiol
57%
AMF Napoli Kevin De Bruyne
57%
RWG Arsenal Leandro Trossard
57%
CMF Bayern Munich Leon Goretzka
57%
Belgium CF RB Leipzig Lois Openda
57%
LSB Manchester City Nathan Ake
57%
LWG Bayern Munich Serge Gnabry
57%
CB Barcelona Andreas Christensen
52%
LWG Newcastle United Anthony Gordon
52%
CB Tottenham Hotspur Cristian Romero
52%
AMF Tottenham Hotspur Dejan Kulusevski
52%
RWB Paris Saint-Germain Desire Doue
52%
RWG Liverpool Jeremie Frimpong
52%
AMF Atletico Madrid Julian Alvarez
52%
DMF Manchester City Mateo Kovacic
52%
Brazil 4-4-2 LCF Manchester United Matheus Cunha
52%
RSB Eintracht Frankfurt Rasmus Kristensen
52%
CMF Manchester City Tijani Reijnders
52%
CMF Aston Villa Youri Tielemans
52%
DMF Bayern Munich Aleksandar Pavlovic
48%
LWG Newcastle United Alexander Isak
48%
Croatia 5-2-3 CF TSG Hoffenheim Andrej Kramaric
48%
RWB Arsenal Bukayo Saka
48%
LSB Real Madrid David Alaba
48%
GK Borussia Dortmund Gregor Kobel
48%
CMF Paris Saint-Germain Joao Neves
48%
CMF AC Milan Luka Modric
48%
CB Manchester City Manuel Akanji
48%
CB Crystal Palace Marc Guehi
48%
CMF Arsenal Martin Zubimendi
48%
RWG Chelsea Pedro Neto
48%
Denmark 4-3-3 CF Manchester United Rasmus Hojlund
48%
CB AC Milan Strahinja Pavlovic
48%
Sweden 4-3-3 CF Arsenal Victor Gyokeres
48%
DMF Liverpool Wataru Endo
48%
CMF Juventus Weston McKennie
48%
RWG Atalanta Ademola Lookman
43%
CMF Bayer Leverkusen Exequiel Palacios
43%
CB Bayern Munich Hiroki Ito
43%
CB Bayern Munich Jonathan Tah
43%
CB Arsenal Jurrien Timber
43%
LWB Brighton & Hove Albion Kaoru Mitoma
43%
CB Chelsea Levi Colwill
43%
AMF Borussia Dortmund Marcel Sabitzer
43%
RSB Manchester City Matheus Nunes
43%
RSB Atletico Madrid Nahuel Molina
43%
Senegal 4-3-3 CF Chelsea Nicolas Jackson
43%
RWG Real Sociedad Takefusa Kubo
43%
RWG Newcastle United Anthony Elanga
39%
RWG Real Madrid Arda Guler
39%
Colombia 4-4-2 LCF Real Betis Cucho Hernandez
39%
CB Real Sociedad Duje Caleta-Car
39%
Serbia 4-3-3 CF Juventus Dusan Vlahovic
39%
CMF AFC Sunderland Granit Xhaka
39%
CMF Inter Milan Hakan Calhanoglu
39%
RSB Bayern Munich Josip Stanisic
39%
Switzerland CF AS Monaco Breel Embolo
35%
Wales 4-3-3 CF Tottenham Hotspur Brennan Johnson
35%
LWG Leeds United Daniel James
35%
LSB Juventus Filip Kostic
35%
DMF Stade Rennes Jordan James
35%
RSB Borussia Dortmund Julian Ryerson
35%
GK RC Strasbourg Karl-Johan Johnsson
35%
LWG Juventus Kenan Yildiz
35%
RSB Bayern Munich Konrad Laimer
35%
LWB Arsenal Myles Lewis-Skelly
35%
LSB Olympique Lyon Nicolas Tagliafico
35%
RWG Manchester City Oscar Bobb
35%
LSB Manchester United Patrick Dorgu
35%
DMF Olympique Marseille Pierre-Emile Hojbjerg
35%
Japan 3-4-3 CF AS Monaco Takumi Minamino
35%
RSB Fulham Timothy Castagne
35%
DMF AFC Bournemouth Tyler Adams
35%
GK Manchester United Altay Bayindir
30%
CB Tottenham Hotspur Ben Davies
30%
DMF AS Monaco Denis Zakaria
30%
CB Newcastle United Fabian Schar
30%
RWG Crystal Palace Ismaila Sarr
30%
LSB Brighton & Hove Albion Maxim De Cuyper
30%
LWG Brentford Mikkel Damsgaard
30%
LSB Borussia Dortmund Nico Schlotterbec
30%
DMF Tottenham Hotspur Pape Matar Sarr
30%
CB Inter Milan Yann Bisseck
30%
AMF Fulham Alex Iwobi
26%
LSB Fulham Antonee Robinson
26%
CB Eintracht Frankfurt Arthur Theate
26%
LSB Inter Milan Carlos Augusto
26%
LWG Crystal Palace Daichi Kamada
26%
GK AFC Bournemouth Djordje Petrovic
26%
CM Atalanta Ederson
26%
CB Fulham Joachim Andersen
26%
DMF Tottenham Hotspur Lucas Bergvall
26%
RWG Juventus Nico Gonzalez
26%
RWB Eintracht Frankfurt Ritsu Doan
26%
LWG RB Leipzig Antonio Nusa
22%
CB Fulham Calvin Bassey
22%
LWG RB Leipzig Christoph Baumgartner
22%
RSB Crystal Palace Daniel Munoz
22%
RWG Nottingham Forest Dan Ndoye
22%
AMF AFC Bournemouth David Brooks
22%
RWG Fulham Harry Wilson
22%
AMF Everton Iliman Ndiaye
22%
RCF Wolverhampton Wanderers Jorgen Strand Larsen
22%
CB Tottenham Hotspur Kevin Danso
22%
LWG WfL Wolfsburg Lovro Majer
22%
GK Bayer Leverkusen Mark Flekken
22%
CB Nottingham Forest Nikola Milenkovic
22%
RSB Nottingham Forest Ola Aina
22%
DMF Fulham Sasa Lukic
22%
Nigeria 4-3-3 CF AC Milan Victor Boniface
22%
GK Parma Calcio Zion Suzuki
22%
AMF Leeds United Brenden Aaronson
17%
CB Crystal Palace Chris Richards
17%
RSB Burnley Connor Roberts
17%
RCF Torino Duvan Zapata
17%
Turkiye 4-3-3 CF AFC Bournemouth Enes Unal
17%
LSB Brighton & Hove Albion Ferdi Kadioglu
17%
United States 4-3-3 CF AS Monaco Folarin Balogun
17%
CMF Brentford Frank Onyeka
17%
DMF Crystal Palace Jefferson Lerma
17%
CB Tottenham Hotspur Luka Vuskovic
17%
DMF Borussia Dortmund Salih Ozcan
17%
DMF Fulham Sander Berge
17%
CB Wolverhampton Wanderers Toti
17%
RSB AS Monaco Vanderson
17%
RSB Roma Zeki Celik
17%
LSB Wolverhampton Wanderers David Moller Wolfe
13%
LSB West Ham United El Hadji Malick Diouf
13%
CMF Leeds United Ethan Ampadu
13%
GK Chelsea Gabriel Slonina
13%
RWG Lazio Gustav Isaksen
13%
CMF Eintracht Frankfurt Hugo Larsson
13%
CB Atalanta Isak Hien
13%
CMF Torino Ivan Ilic
13%
RWG Wolverhampton Wanderers Jhon Arias
13%
CB Leeds United Joe Rodon
13%
RSB Borussia Monchengladbach Joe Scally
13%
CB AC Milan Koni De Winter
13%
RSB RB Leipzig Kosta Nedeljkovic
13%
CB Brentford Kristoffer Ajer
13%
CMF AS Monaco Lamine Camara
13%
AMF Atalanta Lazar Samardzic
13%
LWG Bayer Leverkusen Malik Tillman
13%
CB Fiorentina Marin Pongracic
13%
RWG Como Martin Baturina
13%
AMF Brighton ‘ Matt O’Riley
13%
CMF RB Leipzig Nicolas Seiwald
13%
CB TSG Hoffenheim Ozan Kabak
13%
RWG VfL Wolfsburg Patrick Wimmer
13%
Austria 4-3-3 CF Wolverhampton Wanderers Sasa Kalajdzic
13%
LWG OGC Nice Terem Moffi
13%
LSB Olympique Marseille Ulisses Garcia
13%
DMF RB Leipzig Xaver Schlager
13%
GK OGC Nice Yehvann Diouf
13%
LWG Como Assane Diao
9%
AMF Eintracht Frankfurt Can Uzun
9%
CB Bologna Jhon Lucumi
9%
CB Tottenham Hotspur Kota Takai
9%
AMF Pisa Michel Aebischer
9%
CB Olympique Lyon Moussa Niakhate
9%
LWG Sevilla Ruben Vargas
9%
RWG RB Leipzig Andrija Maksimovic
4%
RSB Bologna Emil Holm
4%
GK Denmark Filip Jorgensen
4%
CB Burnley Hjalmar Ekdal
4%
LSB Juventus Juan Cabal
4%
CMF Mainz Kaishu Sano
4%
GK Leeds United Karl Darlow
4%
CB TSG Hoffenheim Koki Machida
4%
RSB VfB Stuttgart Leonidas Stergiou
4%
CB Genoa Leo Ostigard
4%
GK Udinese Calcio Maduka Okoye
4%
CMF Genoa Morten Frendrup
4%
GK Sevilla Orjan Nyland
4%
CB Freiburg Philipp Lienhart
4%
LSB RC Strasbourg Sebastian Nanasi
4%
CB Wolverhampton Wanderers Yerson Mosquera
4%
RSB Le Havre Arouna Sangante
0%
CB Koln Cenk Ozkacar
0%
GK Roma Devis Vasquez
0%
LSB Werder Bremen Felix Agu
0%
CB AJ Auxerre Gabriel Osho
0%
DMF RC Lens Hamzat Ojediran
0%
LWG VfB Stuttgart Lazar Jovanovic
0%
CB Toulouse Mark McKenzie
0%
CB Stade Rennes Mikyayil Faye
0%
GK Augsburg Nediljko Labrovic
0%
CMF Real Betis Nelson Deossa
0%
GK VfL Wolfsburg Pavao Pervan
0%
No matching quizzes found
Score Distribution
Percent of People with Each Score
Percentile by Number Answered
Your Score History
You have not taken this quiz